Real Madrid 17/18's squad - Top 20 biggest signings - Statistics

General Stats
  • This quiz has been taken 218 times
  • The average score is 11 of 20
Answer Stats
Rank Fee Former Club Answer % Correct
1 90.90m£ Tottenham Hotspurs Gareth Bale
100%
2 84.60m£ Manchester United Cristiano Ronaldo
98%
3 31.50m£ Olympique Lyon Karim Benzema
96%
5 27.00m£ Tottenham Hotspurs Luka Modric
86%
- 27.00m£ Malaga CF Isco
80%
8 22.50m£ Bayern Munich Toni Kroos
80%
7 24.30m£ Sevilla FC Sergio Ramos
79%
14 5.85m£ Fluminese Marcelo
55%
4 27.90m£ Inter Milan Mateo Kovacic
53%
11 9.00m£ Lens Raphael Varane
53%
- 5.85m£ Bayer Leverkusen Dani Carvajal
47%
- 9.00m£ Levante UD Keylor Navas
46%
13 6.75m£ FC Porto Casemiro
38%
19 3.15m£ RCD Mallorca Marco Asensio
34%
10 14.85m£ Real Betis Dani Ceballos
32%
9 21.60m£ Atletico Madrid Theo Hernandez
28%
20 900k£ Espanyol Lucas Vazquez
20%
16 5.40m£ Sao Paulo Casemiro
19%
18 4.50m£ Real Zaragoza Jesus Vallejo
14%
- 5.40m£ Espanyol Kiko Casilla
14%
No matching quizzes found
Score Distribution
Percent of People with Each Score
Percentile by Number Answered
Your Score History
You have not taken this quiz